Mesto odkúpi dom, bytovku asi zbúra

Bibliographic Details
Format: Article
Language:Slovak
PhysicalDescription:Fotogr.
ISSN:1338-659X
Subjects:

MARC

LEADER 00000nab a2200000 ar4500
001 vtls011562767
003 SK-MaSNL
005 20260305040254.0
008 160623c20141014xo mr|p|||||||000 b|slo
038 |a SNSK 
040 |b slo  |c SNSK  |e AACR2 
041 |a slo 
044 |a xo  |c SK 
080 |a 352  |x (437.6)  |2 2011 
080 |a 351.778.532  |2 2011 
080 |a 69.059.6  |2 2011 
245 0 0 |a Mesto odkúpi dom, bytovku asi zbúra  |c [autor] (šim) 
300 |b Fotogr. 
610 1 7 |a Krompachy (Slovensko).  |b Mestský úrad  |2 snsk 
650 0 7 |a odkúpenie objektu  |2 snsk  |9 1619787 
650 0 7 |a byty  |2 snsk  |9 3905 
650 0 7 |a náhradné bývanie  |2 snsk  |9 1038066 
650 0 7 |a asanácia  |2 snsk  |9 22100 
651 7 |a Krompachy (Slovensko)  |2 snsk  |9 43389 
651 7 |a Spišská Nová Ves (Slovensko : okres)  |2 snsk  |9 22259 
773 0 |t Korzár : denník Košického kraja  |g Roč. XVII., č. 236 (14.10.2014), s.  |x 1338-659X 
852 |a SNSK  |b KIS3GCP 
999 |c 3337586  |d 3339516